00833 2200241 4500001002100000005001700021008004100038035002400079082001200103090002300115100001400138245019800152260003000350300003700380500005300417500003500470650002100505850002100526980001400547985000600561986000900567999001500576YOGYA-0209000004304520090227025927.0 ind  0010-020900000043045 a658.314 a658.314bSum PlSK aSUMARIYAH aPengaruh motivasi kerja dan persepsi pengawasan terhadap disiplin kerja pegawai negeri sipilb(suatu penelitian di kantor pembangunan desa kabupaten Dati II Sleman Propinsi DIY)coleh Sumariyah aYogytakartab[s.n.]c1994 aix, 101 [17] lembarbilusc29 cm aSkripsi Fisipol Unive. Proklamasi '45 Yogyakarta aBibliografi : lembar [102-103] aDisiplin pegawai aYOPDYOG [TRM 29] a27-8-2007 a1 aRuni a07A0026003